| 000 | 01598nab a2200253 i 4500 | ||
|---|---|---|---|
| 003 | BR-BrBNA | ||
| 005 | 20250407125546.0 | ||
| 008 | 250407b2016 bl.qr|poo|||| 00| 0 por | | ||
| 040 |
_aBR-BrBNA _bpor |
||
| 072 | _aF70 | ||
| 100 | _aSalino, Alexandre | ||
| 100 | _aArruda, André Jardim | ||
| 245 | _aFlora das cangas da Serra dos Carajás, Pará, Brasil: Oleandraceae | ||
| 500 | _aPublicação on-line; 4 ref.; 1 illus.; Summaries (En, Pt) | ||
| 520 | _a Resumo Este estudo trata dos táxons de Oleandraceae encontrados nas formações ferríferas da Serra dos Carajás, estado do Pará, com descrições, ilustrações, distribuição geográfica e comentários. Na área estudada foi registrada apenas Oleandra pilosa. Palavras-chave: Amazônia, flora, Oleandra, samambaias, taxonomia. Abstract This study addressed the Oleandraceae taxa recorded in ferruginous formations of Serra dos Carajás, Pará state, with descriptions, illustrations, geographical distribution, and comments. In the study area only one species was recorded: Oleandra pilosa. Key words: Amazonia, flora, Oleandra, ferns, taxonomy. | ||
| 650 | _aAMAZÔNIA | ||
| 650 | _aFLORA | ||
| 650 | _aSAMAMBAIA | ||
| 650 | _aTAXONOMIA | ||
| 773 | 0 |
_0709 _9349694 _dRio de Janeiro-RJ Jardim Botanico do Rio de Janeiro 1935 _o2025-2214 _tRodriguésia (Brazil) _x0370-6583; 2175-7860 on-line _gv. 67(5 special number) p. 1165-1166; (2016) _wBR2025000277 |
|
| 856 | _uhttps://www.scielo.br/j/rod/a/Nj8zy9zPptpd64xyS7rNhSL/?format=pdf&lang=pt | ||
| 942 | _cANA | ||
| 999 |
_c330885 _d330885 |
||